Statistics for United States' Territorial Disputes

Click here to take the quiz!

General Stats

  • This quiz has been taken 251 times
  • The average score is 6 of 9

Answer Stats

Answer% Correct
Canada
99%
Mexico
98%
Cuba
89%
Haiti
73%
Jamaica
59%
Colombia
45%
Honduras
36%
Nicaragua
36%
Marshall Islands
32%

Score Distribution

Percentile by Number Answered

Percent of People with Each Score

Your Score History

You have not taken this quiz